02537cam a22004338i 4500001001000000003000900010005001700019008004100036020003200077035002100109040004200130042000800172050002200180066000700202082002100209245013800230264007500368300003600443336002200479337002600501338002400527490006000551505124600611526001001857526001001867526001001877526001001887526000801897526000801905526000801913526000801921526000801929526000801937526000801945600005401953700004202007700002402049700003002073760532789PE-LiUPU20250905100510.0111104s2011 dcu b 011 0 eng c a0915170477 (alkaline paper) a(OCoLC)760532789 aICU/DLCerdabspacPE-LiUPUdPE-LiUPU apcc00aBS2651b.C35 2011 c(S00a227.06bC39222300aCelebrating Paul :bfestschrift in honor of Jerome Murphy-O'Connor, O.P., and Joseph A. Fitzmyer, S.J. /ceditado por Peter Spitaler. aWashington, DC :bThe Catholic Biblical Association of America,c2011. axxviii, 439 páginas ;c23 cm. atext2rdacontent. aunmediated2rdamedia. avolume2rdacarrier.1 aThe Catholic Biblical quarterly monograph series ;v48. aThe significance of the Pauline writings -- Divisions are necessary (1 Corinthians 11:19) -- In search of the historical Paul -- "I rate all things as loss" : Paul's puzzling accounting system : Judaism as loss or the re-evaluation of all things in Christ? -- Paul and the Jewish tradition : the ideology of the Shema -- Paul, a change agent : model for the twenty-first century -- Paul's four discourses about sin -- Adam and Christ in the Pauline Epistles -- Living in newness of life : Paul's understanding of the moral life -- Ecocentric or anthropocentric? : a reading of Romans 8:18-25 -- "Set apart for the gospel" (Romans 1:1) : Paul's self-introduction in the letter to the Romans -- Adam, Christ, and the law in Romans 5-8 -- [Nomos, agapē], and [charismata] in Paul's writings -- Interpreting Romans 11:14 : what is at stake? -- Reinterpreting Romans 13 within its broader context -- "To the Jew first" (Romans 1:16) : Paul's defense of Jewish privilege in Romans -- Paul, ritual purity, and the ritual baths south of the Temple Mount (Acts 21:15-28) -- Where have all my siblings gone? : a reflection on the use of kinship language in the Pastoral Epistles -- Augustine's Pauline method : 1 Corinthians 11:2-16 as a case study. aSEG42 aSEG41 aSEG40 aSEG39 aP94 aP87 aP86 aP85 aP77 aP76 aP35 0aPablo,cApóstol,xCrítica e interpretación.1 aMurphy-O'Connor, J.q(Jerome),d1935-1 aFitzmyer, Joseph A.1 aSpitaler, Peter.eeditor.